Место и роль преемственности в развитии науки; Наука. Образование. Производство

Bibliografiske detaljer
Parent link:Наука. Образование. Производство.— 1982.— С. 12-18
Hovedforfatter: Рубанов В. Г. Виталий Георгиевич
Sprog:russisk
Udgivet: 1982
Fag:
Format: MixedMaterials Book Chapter
KOHA link:https://koha.lib.tpu.ru/cgi-bin/koha/opac-detail.pl?biblionumber=216465

MARC

LEADER 00000naa2a2200000 4500
001 216465
005 20231031194157.0
035 |a (RuTPU)RU\TPU\book\236437 
090 |a 216465 
100 |a 20120524d1982 k y0rusy50 ca 
101 0 |a rus 
102 |a RU 
200 1 |a Место и роль преемственности в развитии науки  |f В. Г. Рубанов 
463 1 |0 (RuTPU)RU\TPU\book\26250  |t Наука. Образование. Производство  |o проблемы развития  |o сборник статей  |v С. 12-18  |d 1982  |p 183 с. 
610 1 |a труды учёных ТПУ 
700 1 |a Рубанов  |b В. Г.  |c философ  |c профессор Томского политехнического университета, доктор философских наук  |f 1940-  |g Виталий Георгиевич  |2 stltpush  |3 (RuTPU)RU\TPU\pers\18253 
801 1 |a RU  |b 63413507  |c 20120524 
942 |c BK